Normal view
MARC view
- خمش ، مجد الدين خيري
Entry Personal Name
001 - CONTROL NUMBER
- control field: 23060
003 - CONTROL NUMBER IDENTIFIER
- control field: JO-AjAnu
005 - DATE AND TIME OF LATEST TRANSACTION
- control field: 20230606073954.0
008 - FIXED-LENGTH DATA ELEMENTS
- fixed length control field: 230606|| aca||aabn | a|a d
040 ## - CATALOGING SOURCE
- Original cataloging agency: JO-AjAnu
- Transcribing agency: JO-AjAnu
100 ## - HEADING--PERSONAL NAME
- Personal name: خمش ، مجد الدين خيري
670 ## - SOURCE DATA FOUND
- Source citation: Work cat.: (JO-AjAnu)11852: خمش ، مجد الدين خيري , author, أزمة التنمية العربية: مفهوم التنمية التقليدي والعلاقة مع النظام العالمي